000 00973nam a2200241Ia 4500
003 OSt
005 20220923214707.0
006 a|||||r|||| 00| 0
007 ta
008 220922b |||||||| |||| 00| 0 hin d
024 _a171,721
037 _cTextual
040 _aARTS
_cARTS
_bhin
041 _2hin
_ahin
082 _aO152,3N26,GS, K6
100 _aभारती, धर्मवीर
_9156279
245 0 _aग्यारह सपनों का देश* सहयोगी उपन्यास और सृजन की समस्याएं, संपा -लक्ष्मीचन्द्र जैन
246 _aGyārah sapanoan kā desha: sahayogī upanyās aur sṛujan kī samasyāean, sanpā0-lakṣhmīchandra jaina
260 _c1966
650 _aहिन्दी साहित्य
_9156264
942 _hO152,3N26,GS, K6
_cTEXL
_2CC
999 _c325862
_d325862